[Event "HUN-chT2 Asztalos 2324"]
[Site "Hungary"]
[Date "2024.05.12"]
[Round "9.11"]
[White "Csiszar, Vivien"]
[Black "Bihary, Soma Botond"]
[Result "0-1"]
[WhiteElo "1517"]
[BlackElo "1807"]
[PlyCount "86"]
[EventDate "2023.10.08"]
[EventType "team-tourn"]
[EventRounds "9"]
[EventCountry "HUN"]
[SourceTitle "EXT 2025"]
[Source "ChessBase"]
[SourceDate "2024.10.14"]
[SourceVersion "1"]
[SourceVersionDate "2024.10.14"]
[SourceQuality "1"]
[WhiteTeam "Komlo"]
[BlackTeam "Marcali"]
[WhiteTeamCountry "HUN"]
[BlackTeamCountry "HUN"]

1. e4 c5 2. Nf3 e6 3. d3 Nc6 4. Nbd2 g6 5. g3 Bg7 6. Bg2 Nge7 7. c3 a6 8. 0-0 0-0 9. Ne1 d5 10. f4 Rb8 11. h4 f5 12. e5 h5 13. Ndf3 Bh6 14. Be3 d4 15. Bf2 Qb6 16. Qc2 Rd8 17. Nd2 Qc7 18. Nc4 Bd7 19. Nd6 Nc8 20. cxd4 cxd4 21. Bxc6 Bxc6 22. Bxd4 Nxd6 23. exd6 Qxd6 24. Be5 Qd5 25. Nf3 Rbc8 26. Bd4 Bg7 27. Bxg7 Kxg7 28. Qe2 Qxd3 29. Qe5+ Kh6 30. Rad1 Qc2 31. Rxd8 Rxd8 32. Qf6 Qc5+ 33. Kh2 Qc2+ 34. Kg1 Re8 35. Qe5 Qe4 36. Qc3 Rd8 37. a3 Qe2 38. Qf6 Re8 39. Rf2 Qd1+ 40. Rf1 Qd3 41. Qg5+ Kg7 42. Ne5 Qe3+ 43. Kh2 Qe2+ 0-1

[Event "HUN-chT2 Asztalos 2223"]
[Site "Hungary"]
[Date "2023.03.12"]
[Round "7.12"]
[White "Dalocsa, Vince"]
[Black "Csiszar, Vivien"]
[Result "1-0"]
[WhiteElo "1285"]
[BlackElo "1021"]
[PlyCount "63"]
[EventDate "2022.11.20"]
[EventType "team-tourn"]
[EventRounds "10"]
[EventCountry "HUN"]
[SourceTitle "EXT 2025"]
[Source "ChessBase"]
[SourceDate "2024.10.14"]
[SourceVersion "1"]
[SourceVersionDate "2024.10.14"]
[SourceQuality "1"]
[WhiteTeam "Kiraly Sakk"]
[BlackTeam "Komlo Banyasz II"]
[WhiteTeamCountry "HUN"]
[BlackTeamCountry "HUN"]

1. e4 c5 2. Nf3 Nc6 3. Bb5 g6 4. Bxc6 bxc6 5. d4 cxd4 6. Nxd4 Bg7 7. Nc3 e5 8. Nf3 d6 9. 0-0 Nh6 10. Qd3 f5 11. Rd1 Nf7 12. Qc4 Qc7 13. Ng5 0-0 14. Nb5 Ba6 15. Nxc7 Bxc4 16. Nxa8 Rxa8 17. exf5 d5 18. fxg6 hxg6 19. Nxf7 Kxf7 20. b3 Ba6 21. Bb2 Rd8 22. Re1 Re8 23. Re3 d4 24. Rf3+ Bf6 25. Re1 Kg7 26. Bxd4 Re7 27. Rfe3 exd4 28. Rxe7+ Bxe7 29. Rxe7+ Kh6 30. Rxa7 Bb5 31. a4 Be2 32. Rc7 1-0

[Event "HUN-chT2 Asztalos 2223"]
[Site "Hungary"]
[Date "2022.12.04"]
[Round "2.11"]
[White "Csiszar, Vivien"]
[Black "Rekasi, Zsolt"]
[Result "1-0"]
[WhiteElo "1021"]
[BlackElo "1587"]
[PlyCount "109"]
[EventDate "2022.11.20"]
[EventType "team-tourn"]
[EventRounds "10"]
[EventCountry "HUN"]
[SourceTitle "EXT 2025"]
[Source "ChessBase"]
[SourceDate "2024.10.14"]
[SourceVersion "1"]
[SourceVersionDate "2024.10.14"]
[SourceQuality "1"]
[WhiteTeam "Komlo Banyasz II"]
[BlackTeam "Baja Spartacus"]
[WhiteTeamCountry "HUN"]
[BlackTeamCountry "HUN"]

1. e4 e5 2. Nf3 d6 3. d4 exd4 4. Nxd4 Bd7 5. Nc3 Nc6 6. Be3 Nf6 7. Be2 Be7 8. Qd2 0-0 9. 0-0-0 Qc8 10. h3 a5 11. g4 a4 12. g5 Ne8 13. Nd5 Bd8 14. h4 Be6 15. Nf5 Bxf5 16. exf5 Qxf5 17. Bd3 Qd7 18. Bxh7+ Kxh7 19. Qd3+ g6 20. h5 Kg7 21. hxg6 fxg6 22. Qc3+ Ne5 23. f4 Kg8 24. fxe5 Qg7 25. Bd4 Bxg5+ 26. Kb1 dxe5 27. Bxe5 Nf6 28. Nxc7 Rac8 29. Qc4+ Qf7 30. Qd3 Rxc7 31. Bxc7 Qxc7 32. Qxg6+ Qg7 33. Qxg7+ Kxg7 34. Rhg1 Kg6 35. Rd2 Ne4 36. Re2 Kf5 37. Rf1+ Bf4 38. a3 Rd8 39. Rfe1 Nd2+ 40. Ka2 Rc8 41. c3 Nb3 42. Kb1 Rd8 43. Rf2 Rd5 44. Ka2 Nc5 45. Ref1 Nd3 46. Rf3 Ke4 47. Kb1 Be3 48. Rf8 Rb5 49. Re8+ Ne5 50. Kc2 Rd5 51. Rd1 Rc5 52. Rf1 Kd5 53. Rd1+ Kc4 54. Re1 Ng4 55. Re4+ 1-0